Cumhuriyet Halk Partisi sandık kurulu üyeleri ve gözlemciler (müşahitler) için rehber (Record no. 5593)

MARC details
000 -BAŞLIK
Sabit Uzunlukta Kontrol Alanı 01746na a2200433 4500
001 - KONTROL NUMARASI
Denetim Alanı 20279
003 - KONTROL NUMARASI IDENTIFIER
Denetim Alanı MIRAKIL
005 - SON İŞLEM TARİHİ VE ZAMANI
Denetim Alanı 20181213155041.0
008 - SABİT-BOY VERİ ELEMANLARI - GENEL BİLGİLER
Sabit Uzunlukta Kontrol Alanı 170120b tu 000 0
035 ## - SİSTEM KONTROL NUMARASI
Sistem Kontrol Numarası 20279
040 ## - KATALOGLAMA KAYNAK
Orijinal Kataloglama Ajansı Milas
Kataloglama Dili tur
Metne Dönüştürmek Ajansı TR-AnCHP
041 ## - DİL KODU
Metin / Ses Parça Veya Ayrı Başlığın Dil Kodu tur
082 ## - DEWEY ONLU SINIFLANDIRMA NUMARASI
Sınıflandırma Numarası CHP 324.6
Ürün Numarası C36m 2014
090 ## - SINIFLAMA NUMARASI
Sınıflama Numarası BROŞÜR 330
110 ## - ANA GİRİŞ - KURUMSAL ADI
Giriş Elemanı Olarak Kurumsal Ad Veya Yargı Alanı Adı Cumhuriyet Halk Partisi (CHP)
222 ## - ANAHTAR ADI
Anahtar Başlık Müşahitler için kılavuz
245 ## - BAŞLIK TABLOSU
Başlık Cumhuriyet Halk Partisi sandık kurulu üyeleri ve gözlemciler (müşahitler) için rehber
Başlığın Kalan mahalli idareler genel seçimleri, 30 Mart 2014
Sorumluluk Tablosu, Vb Cumhuriyet Halk Partisi
246 ## - UNVAN FORM VARYING
Başlık Doğru / Kısa Başlığı CHP 2014 seçim kılavuzu
246 ## - UNVAN FORM VARYING
Başlık Doğru / Kısa Başlığı Mahalli idareler genel seçimleri, 30 Mart 2014
246 ## - UNVAN FORM VARYING
Başlık Doğru / Kısa Başlığı Sandık kurulu üyeleri ve gözlemciler (müşahitler) için rehber
260 ## - YAYIN, DAĞITIM, VB
Yayın, Dağıtım, Vb Yeri Ankara
Yayıncı, Dağıtıcı, Vs Adı CHP
Yayın, Dağıtım, Vb Tarihi 2014
300 ## - FİZİKSEL TANIM
Kapsam 26 s.
Boyutlar 19x11 sm.
440 ## - SERİSİ TABLOSU / KATMA GİRİŞİ - BAŞLIK
Başlık Cumhuriyet Halk Partisi yayınları
Bir İşin Parçası / Bölümün İsmi Kılavuzlar
610 ## - KONU KATMA GİRİŞ - TOPLANTI ADI
Giriş Elemanı Olarak Kurumsal Ad Veya Yargı Alanı Adı Cumhuriyet Halk Partisi (CHP)
Genel Alt Bölüm Gözlemciler (Müşahitler)
-- Seçim işlemleri
Kronolojik Alt Bölüm Kılavuzlar
610 ## - KONU KATMA GİRİŞ - TOPLANTI ADI
Giriş Elemanı Olarak Kurumsal Ad Veya Yargı Alanı Adı Cumhuriyet Halk Partisi (CHP)
Genel Alt Bölüm Sandık kurulu üyeleri
Kronolojik Alt Bölüm Kılavuzlar
610 ## - KONU KATMA GİRİŞ - TOPLANTI ADI
Giriş Elemanı Olarak Kurumsal Ad Veya Yargı Alanı Adı Cumhuriyet Halk Partisi (CHP)
Genel Alt Bölüm Yerel seçimler, 2014
Kronolojik Alt Bölüm Kılavuzlar
650 ## - KONU KATMA GİRİŞ - TOPİKAL DÖNEM
Topikal Süreli Veya Coğrafi Ad Giriş Elemanı Seçimler
Kronolojik Alt Bölümü Hukuk ve mevzuat
Coğrafi Alt Bölümü Türkiye
650 ## - KONU KATMA GİRİŞ - TOPİKAL DÖNEM
Topikal Süreli Veya Coğrafi Ad Giriş Elemanı Seçim hukuku
Coğrafi Alt Bölümü Türkiye
740 ## - KATMA GİRİŞ - KONTROLSUZ İLGİLİ / ANALİTİK BAŞLIK
Kontrol Edilmeyen / İlgili Analitik Başlıktaki Mahalli idareler genel seçimleri, 30 Mart 2014
740 ## - KATMA GİRİŞ - KONTROLSUZ İLGİLİ / ANALİTİK BAŞLIK
Kontrol Edilmeyen / İlgili Analitik Başlıktaki Sandık kurulu üyeleri ve müşahitler için rehber
740 ## - KATMA GİRİŞ - KONTROLSUZ İLGİLİ / ANALİTİK BAŞLIK
Kontrol Edilmeyen / İlgili Analitik Başlıktaki CHP 2014 sandık kurulu üyeleri ve müşahitler rehberi
830 ## - SERİSİ EKLENDİ GİRİŞ - ÜNİFORM ADI
Üniforma Başlık CHP kılavuzları
942 ## - EKLENDİ GİRİŞ ELEMANLARI (KOHA)
Sınıflandırma Veya Raf Düzeni Kaynak Dewey Decimal Classification
Koha Öğesi Türü Books
999 ## - SİSTEM KONTROL NUMARALARI (KOHA)
Koha Biblionumber 5593
Koha Biblioitemnumber 5593
655 ## - INDEX DÖNEM - TÜR / FORMU
-- Kılavuz kitaplar
657 ## - INDEX SÜRE - İŞLEVİ
-- CHP gözlemciler (müşahitler) rehberi
657 ## - INDEX SÜRE - İŞLEVİ
-- CHP 2014 seçim kılavuzu
657 ## - INDEX SÜRE - İŞLEVİ
-- CHP seçim kılavuzları
Holdings
Kullanım Kısıtlamaları Kalıcı Konum Mevcut Konum Edinme Tarihi Edinim Kaynak Kodlu Konum Eleme Toplam Check-Out'Lar Tam Çağrı Numarası Barkod Tarih Son Görülme Kopya Sayısı İtibaren Geçerli Fiyatlar Koha Öğesi Türü
Kütüphane dışına çıkarılamaz CHP Kütüphanesi CHP Kütüphanesi 01/16/2017 Bağış BROŞÜRLER   BROŞÜR 330 011666 01/16/2017 k.8 01/16/2017 Visual Material